| 000 | 02028cam a2200361 i 4500 | ||
|---|---|---|---|
| 999 |
_c332013 _d332013 |
||
| 001 | 17845538 | ||
| 003 | NUST | ||
| 005 | 20171107115651.0 | ||
| 008 | 130809s2014 flua b 001 0 eng | ||
| 010 | _a 2013030986 | ||
| 020 | _a9781482203516 (hbk. : alk. paper) | ||
| 040 |
_aDLC _beng _cDLC _erda _dDLC |
||
| 042 | _apcc | ||
| 050 | 0 | 0 |
_aQA76.9.A25 _bS7354 2014 |
| 082 | 0 | 0 |
_a005.8 PAT _223 |
| 084 |
_aCOM043000 _aCOM053000 _2bisacsh |
||
| 245 | 0 | 4 |
_aThe state of the art in intrusion prevention and detection / _cedited by Al-Sakib Khan Pathan. |
| 264 | 1 |
_aBoca Raton, [Florida] : _bCRC Press/Taylor & Francis Group, _c[2014] |
|
| 300 |
_axvii, 496 pages : _billustrations ; _c26 cm |
||
| 336 |
_atext _2rdacontent |
||
| 337 |
_aunmediated _2rdamedia |
||
| 338 |
_avolume _2rdacarrier |
||
| 504 | _aIncludes bibliographical references and index. | ||
| 520 |
_a"This book analyzes the latest trends and issues about intrusion detection systems in computer networks and systems. It examines wired, wireless, and mobile networks; next-generation converged networks; and intrusion in social networks. Topics covered include new techniques and research on intrusion detection schemes, intrusion prevention schemes, tracing back mobile attackers, secure routing with intrusion prevention, anomaly detection, AI based techniques; physical intrusion in wired and wireless networks; and agent-based intrusion surveillance, detection, and prevention"-- _cProvided by publisher. |
||
| 650 | 0 |
_aComputer security. _9570 |
|
| 650 | 0 |
_aComputers _xAccess control. _96085 |
|
| 650 | 0 |
_aComputer networks _xSecurity measures. _9466 |
|
| 650 | 7 |
_aCOMPUTERS / Networking / General. _2bisacsh _96086 |
|
| 650 | 7 |
_aCOMPUTERS / Security / General. _2bisacsh _96087 |
|
| 700 | 1 |
_aPathan, Al-Sakib Khan. _96088 |
|
| 906 |
_a7 _bcbc _corignew _d1 _eecip _f20 _gy-gencatlg |
||
| 942 |
_2ddc _cBK |
||